01170nam a2200277 i 4500001000700000003000700007005001700014008004100031020001800072080000800090245019500098246004900293250001200342260003100354300002200385490004600407650002500453700002900478700003700507700005000544700003400594830005400628852006800682999001900750952012300769185679SpMaBN20250821111723.0160802s2000 sp |||| | spa d a84-8306-303-4 a24200aImitación de Cristo b: (primer tratado) / cTomás de Kempis ; prólogo de Enrique Miret Magdalena ; [versión atribuida a Fray Luis de Granada ; presentación, Carlos García Gual].35aImitación de Cristo b: (Contemptus mundi) a1ª ed. aMadrid : bDebate, c2000. a124 p. ; c20 cm.1 aSiete libros sobre el arte de vivir ; v307aMeditaciones.9149830 aThomas a Kempis.91100511 aMiret Magdalena, Enrique.9815830 aLuis de Granada, c(O.P.), d1504-15889746871 aGarcía Gual, Carlos.9547280 aSiete libros sobre el arte de vivir ; v39225265 aES-MaACLjL-30495 z- enc. cart. z. - Donat. Miguel A. Velasco c185679d185679 00104070aATENEOMbATENEOMcDEPO2d2016-08-02eDONl0oL-30495p1195729r2023-02-23 00:00:00w2023-02-23yMONOGRAFIA